Sports Quiz

Random Sports or Clickable Quiz
Score 0/30 Timer 15:00
0 Plays Today
% Correct
Jakob Poeltl
40%
Clint Capela
30%
Davis Bertans
25%
Joe Young
20%
Mike James
20%
Bo Lamar
10%
Nick Calathes
10%
Darrell Allums
5%
Arvid Kramer
5%
John Olive
5%
Bryce Dejean-Jones
5%
DeQuan Jones
5%
Len Kosmalski
5%
Brett Vroman
5%
Tom Ingelsby
0%
% Correct
Matt Wenstrom
0%
Jay Taylor
0%
Mike Tobey
0%
Erik Murphy
0%
Joe Cooke
0%
Ken Murray
0%
George Senesky
0%
Robert Hite
0%
Dave Meyers
0%
William Avery
0%
Herm Hedderick
0%
Mark Radford
0%
Johnny Macknowsky
0%
Ron Rowan
0%
James Lang
0%
Remove Ads.
Support Sporcle.
Get the best of Sporcle when you Go Orange. This ad-free experience offers more features, more stats, and more fun while also helping to support Sporcle. Thank you for becoming a member.

You're not logged in!

Compare scores with friends on all Sporcle quizzes.
OR
Log In

Sporcle TV

Today on Sporcle TV


Watch our educational content, quiz creation guides, and fun videos on Sporcle TV.

Show Comments

Extras

Top Quizzes Today


Score Distribution

Paid Content

Your Account Isn't Verified!

In order to create a playlist on Sporcle, you need to verify the email address you used during registration. Go to your Sporcle Settings to finish the process.

Report this User

Report this user for behavior that violates our Community Guidelines.

Details: